00430nam a2200145Ia 4500008004100000020001500041041000800056082001700064100002200081245012700103250000600230260001900236300001000255650001900265210716s1996 xx 000 0 und d a0688129692 aeng a330.122 THUL aThurow, Lester C. aFuture of capitalism: how todays economic forces shape tomorrows world.bHow todays economic forces shape tomorrows world. a1 aNew Yorkc1996 ax,384 aEconomics(330)